| 000 | 00640nam a22001937a 4500 | ||
|---|---|---|---|
| 999 |
_c15204 _d15204 |
||
| 003 | OSt | ||
| 082 | _2631.587 JIS/OP | ||
| 088 | _aP 137 | ||
| 100 |
_aJISHA L. THOMAS _92762 |
||
| 245 | _aOptimal cropping pattern for Pothundy canal irrigation project | ||
| 260 |
_aTavanur 2003 _bKelappaji College of Agricultural Engineering and Technology |
||
| 300 | _a49 | ||
| 500 | _aOptimal cropping pattern for Pothundy canal irrigation project | ||
| 520 | _aOptimal cropping pattern for Pothundy canal irrigation project | ||
| 700 |
_aSherly M. A _92763 |
||
| 700 |
_aSuhas E. N _92764 |
||
| 700 |
_aEr. Sasikala D (Guide) _92600 |
||
| 942 | _cPR | ||